000 00690nam a2200217Ia 4500
001 10165
003 GE_BSU
008 181216s||||||||xx |||||||||||||| ||und||
040 _cGE_BSU
100 _aროყვა,შოთა
245 _aამოდუღდი, მარგალიტო
245 _bლექსები
245 _cრედ.რ.ართილაყვა.მხატვ.რ.ლომაძე
260 _aბათუმი
260 _bსაბჭოთა აჭარა
260 _c1970
300 _a147გვ.14სმ.
653 _aამოდუღდი მარგალიტო
653 _aლექსები
942 _cBK
999 _c43435
_d43435